Normal view
MARC view
- K. Deighton
Entry Personal Name
001 - CONTROL NUMBER
- control field: 5010
003 - CONTROL NUMBER IDENTIFIER
- control field: OSt
005 - DATE AND TIME OF LATEST TRANSACTION
- control field: 20221201040110.0
008 - FIXED-LENGTH DATA ELEMENTS
- fixed length control field: 221201|| aca||aabn | a|a d
040 ## - CATALOGING SOURCE
- Original cataloging agency: OSt
- Transcribing agency: OSt
100 ## - HEADING--PERSONAL NAME
- Personal name: K. Deighton
670 ## - SOURCE DATA FOUND
- Source citation: Work cat.: (OSt)1702: Deighton, K. 5009, Coverley Papers from the Spectator : , c2011
